Statistics for Largest city in Mexican Provinces

Click here to take the quiz!

General Stats

  • This quiz has been taken 9 times
  • The average score is 8 of 15

Answer Stats

ProvinceAnswer% Correct
JaliscoGuadalajara
100%
Nuevo LeonMonterrey
100%
Baja CaliforniaTijuana
100%
YucatanMerida
88%
State of MexicoMexico City
88%
GuerreroAcapulco
75%
TamaulipasReynosa
50%
SinaloaCuliacan
38%
SonoraHermosillo
38%
MichoacánMorelia
25%
ChiapasTuxtla Gutierrez
25%
MorelosCuernavaca
13%
HidalgoPachuca de Soto
13%
NayaritTepic
13%
TlaxcalaVilla Vicente Guerrero
0%

Score Distribution

Percentile by Number Answered

Percent of People with Each Score

Your Score History

You have not taken this quiz